Score 0/20 Timer 02:00
0 Plays Today
Comic Strip Missing Word % Correct
___ the MenaceDennis
92.8%
Little ___ AnnieOrphan
88.7%
The ___ CircusFamily
82.1%
H├Ągar the ___Horrible
81.7%
Calvin and ___Hobbes
79.6%
___ BaileyBeetle
71.5%
The ___ SideFar
69.1%
The ___ of IdWizard
59%
Li'l ___Abner
54.4%
___ Before SwinePearls
48.3%
Comic Strip Missing Word % Correct
Mother Goose and ___Grimm
45.6%
Bloom ___County
39.1%
___ FuzzyGet
34.2%
___ is RoseRose
33.9%
___ Starr, ReporterBrenda
32.7%
___ Morgan, M.D.Rex
25.6%
___ FillmoreMallard
25.5%
___ in HellLife
23.3%
___ the PinheadZippy
16.3%
___ and JanisArlo
13.9%

Today's Daily Dose

Remove Ads.
Support Sporcle.
Get the best of Sporcle when you Go Orange. This ad-free experience offers more features, more stats, and more fun while also helping to support Sporcle. Thank you for becoming a member.

You're not logged in!

Compare scores with friends on all Sporcle quizzes.
OR
Log In

Show Comments

Extras

Top Quizzes Today


Score Distribution

Your Account Isn't Verified!

In order to create a playlist on Sporcle, you need to verify the email address you used during registration. Go to your Sporcle Settings to finish the process.

Report this User

Report this user for behavior that violates our Community Guidelines.

Details: